000 00702nam a2200289Ia 4500
005 20260324133235.0
008 008 260324s9999 xx 000 0 eng d
020 _a9781410607416
037 _aEBOOK
040 _aCRL
040 _beng
040 _cCRL
041 _2eng
041 _aeng
084 _qCRL
100 _aEleanor Semel; Sue R. Rosner
_91192329
245 0 _aUnderstanding Williams Syndrome
245 0 _bBehavioral Patterns and Interventions
260 _bTaylor and Francis
260 _c2003
365 _a
365 _b220
856 _uhttp://www.taylorfrancis.com/books/9781410607416
942 _cEBOOK
999 _c1791202
_d1791202